000 00811nam a22002417a 4500
005 20251108164222.0
008 250721s2009 xx 000 0 ara d
082 1 4 _a371.912/زري
100 1 _aالزريقات، إبراهيم عبد الله فرج
245 1 0 _aالإعاقة السمعية مبادئ التأهيل السمعي و الكلامي و التربوي /
246 1 1 _aHearing Impairment Principles of Audiological & Educational Rehabilitation
264 1 _aعمان :
_bدار الفكر،
_c2009.
300 _a560ص.
650 1 7 _aالصمم
650 1 7 _aالاعاقه
650 1 7 _aالخدمه الاجتماعيه
650 1 7 _aالسمع
650 1 7 _aطرق التعلم
650 1 7 _aالطلاب
650 1 7 _aالمعوقون
942 _2ddc
_cBK
999 _c6650
_d6650